000 00456pam a2200157a 44500
008 230515b2013 xxu||||| |||| 00| 0 eng d
020 _aNULL
041 _aENGLISH
082 _a1
100 _aVD. SHASHI KANT
245 _aTHE CLINICAL STUDY OF PATHYDYAM CHURNA WITH VARIOUS ANUPAPANAM IN AAMAVATTA
250 _a1
260 _a
_bN.D.
_c2013
300 _a500
650 _aTHE CLINICAL STUDY OF PATHYDYAM CHURNA WITH VARIOUS ANUPAPANAM IN AAMAVATTA
999 _c498551
_d498551